01237nam a2200241Ia 4500001000600000003000900006008004100015040001300056040001300069041001300082100002400095100002900119245006700148245006800215250001100283260002100294260003200315260004900347300005700396500048200453650002900935650003100964H9636IT-RoPAU130308s9999 xx 000 0 und d aIT-RoPAU cIT-RoPAU aITALIANO aGoldscheider Ludwig gCodice Aut. SPICS: 59875 aMichelangelo. Pittura - scultura - architettura. Tutta l'opera bMichelangelo. Pittura - scultura - Architettura. Tutta L'Opera a4a ed. aFIRENZE - LONDRA bSansoni - The Phaidon Press c1964 [1° Ed.:1953 - Ed.Ling.Originale:1953] a"264 p. (prefazione: no ; testo: 264 [pagine: 0-0])" a"Notizie Biografiche: Infanzia, Tirocinio, Inizio; giovane Maestro; Affreschi Soffitto Sistina, tomba di Giulio Ii; al Servizio dei Medici; Transizione; giudizio Universale; temi Religiosi; Ultima Fase. Appendice: Modelli in cera e Creta; Opere Perdute; Attribuzioni. 279 Illustrazioni e 32 Tavole. Architettura: a Firenze e a Roma. Pittura: Quadri; Soffitto Cappella Sistina; giudizio Universale; Affreschi della Cappella Paolina; cartone per un Affresco. scultura . Modelli." aSTORIA DELLE ARTI VISIVE eCodice materia Spics: 5008